000 00545nam a2200145 a 4500
001 000044342
005 20201002045315.0
008 140620s2010 dr ad 000 0 spa d
020 _a9789945875430
040 _aDO-SdBNP
_bspa
_cBNPHU
245 0 0 _aPerfil socio-laboral y necesidades de capacitación de jóvenes en situación de volnerabilidad municipio de San Juan de la Maguana.
260 _aSanto Domingo :
_bMinisterio de Trabajo,
_c2010.
300 _a50 p. :
_bil.: gráf. ;
_c29 cm.
710 2 _aMinisterio de Trabajo
_cSanto Domingo
_972349
999 _c43831
_d43831